|
|
|
|
| LEADER |
00000nam2a2200000 4500 |
| 001 |
262295 |
| 005 |
20231101233635.0 |
| 035 |
|
|
|a (RuTPU)RU\TPU\book\285277
|
| 090 |
|
|
|a 262295
|
| 100 |
|
|
|a 20140530d1988 k y0rusy50 ca
|
| 101 |
0 |
|
|a rus
|
| 102 |
|
|
|a UA
|
| 105 |
|
|
|a a z 001zy
|
| 200 |
0 |
|
|a Вып. 29
|
| 210 |
|
|
|d 1988
|
| 215 |
|
|
|a 94 с.
|c ил.
|
| 320 |
|
|
|a Библиогр. в конце ст.
|
| 461 |
|
1 |
|0 (RuTPU)RU\TPU\book\161885
|t Науковедение и информатика
|o республиканский межведомственный сборник научных трудов
|f Академия наук Украинской ССР (АН УССР), Центр исследований научно-технического потенциала и истории науки ; Академия наук Украинской ССР (АН УССР), Институт кибернетики (ИК)
|v Вып. 29
|d 1969-1990
|
| 606 |
1 |
|
|a Наука
|2 stltpush
|3 (RuTPU)RU\TPU\subj\45070
|9 64332
|
| 610 |
1 |
|
|a информатика
|
| 610 |
1 |
|
|a исследования
|
| 610 |
1 |
|
|a научно-техническое прогнозирование
|
| 610 |
1 |
|
|a практический опыт
|
| 610 |
1 |
|
|a эффективность
|
| 610 |
1 |
|
|a научно-технические разработки
|
| 686 |
|
|
|a Ч21
|v LBC/SL-A
|2 rubbk
|
| 801 |
|
1 |
|a RU
|b 63413507
|c 20140530
|
| 801 |
|
2 |
|a RU
|b 63413507
|c 20160913
|g RCR
|
| 942 |
|
|
|c BK
|